Quick Pick: Meryl Streep Roles Quiz Stats

 Plays Quiz Updated Apr 30, 2018

Challenge
Share
Tweet
Embed
Score 0/8 Timer 01:00
0 Plays Today
% Correct
The Iron Lady
94.6%
The Devil Wears Prada
86.4%
Doubt
69.9%
A.I. Artificial Intelligence
66.3%
Mamma Mia!
65.2%
Out of Africa
64.1%
The Deer Hunter
55.4%
The Giver
53%

Today's Daily Dose

You're not logged in!

Compare scores with friends on all Sporcle quizzes.
OR
Log In

You Might Also Like...

Show Comments

Extras

Top Quizzes Today


Score Distribution

Your Account Isn't Verified!

In order to create a playlist on Sporcle, you need to verify the email address you used during registration. Go to your Sporcle Settings to finish the process.

Report this User

Report this user for behavior that violates our Community Guidelines.

Details: